• 首页
  • 本馆介绍
  • 公告通知
  • 最新文献
  • 馆藏检索
  • 电子资源
  • 读者导购
  • 参考咨询
  • 我的图书馆
  • 登录
  • 详细信息显示
  • 放入我的书架
  • 预约/预借图书
  • 作者相关作品
  • 分类相关作品
  • 丛书相关作品
  • 出版社相关作品

书目信息

  • 表格格式
  • 工作单格式
  • 卡片格式
题名:
多相流测量技术及模型化方法
    
 
作者: 程易 , 王铁峰 编著
分册:  
出版信息: 北京   化学工业出版社  2017.4
页数: 291页
开本: 26cm
丛书名: 工业生物技术过程科学丛书
单 册:
中图分类: O359 , TB937
科图分类:
主题词: 多相流--测量技术--研究
电子资源:
ISBN: 978-7-122-25049-0
000 01294nam 2200301 450
001 0400003803
005 20171022144200.0
010    @a978-7-122-25049-0@b精装@dCNY99.00
100    @a20160113d2017 em y0chiy50 ea
101 0  @achi
102    @aCN@b110000
105    @aa z 001yy
106    @ar
200 1  @a多相流测量技术及模型化方法@9duo xiang liu ce liang ji shu ji mo xing hua fang fa@d= Measurement technique and modeling method of multiphase flow@f程易,王铁峰编著@zeng
210    @a北京@c化学工业出版社@d2017.4
215    @a291页@c图@d26cm
225 1  @a工业生物技术过程科学丛书
300    @a“十二五”国家重点图书
330    @a本书系统介绍近年来先进的多相流测量技术和模型、模拟方法,包括光纤探头、超声多普勒测速技术、激光多普勒测速和粒子图像测速技术以及过程层析成像技术等前沿测量方法;模型方法中包括以传统的双流体模型为基础的气液、气固体系模型和模拟,以及考虑离散相描述的CFD-DEM方法、介尺度的格子玻尔兹曼方法等。
410  0 @12001 @a工业生物技术过程科学丛书
510 1  @aMeasurement technique and modeling method of multiphase flow@zeng
606 0  @a多相流@x测量技术@x研究
690    @aO359@v5
690    @aTB937@v5
701  0 @a程易@9cheng yi@4编著
701  0 @a王铁峰@9wang tie feng@4编著
801  0 @aCN@b91MARC@c20171022
905    @b1034351-5@dO359@f5@e15
    
    多相流测量技术及模型化方法= Measurement technique and modeling method of multiphase flow/程易,王铁峰编著.-北京:化学工业出版社,2017.4
    291页:图;26cm.-(工业生物技术过程科学丛书)
    “十二五”国家重点图书
    
    ISBN 978-7-122-25049-0(精装):CNY99.00
    本书系统介绍近年来先进的多相流测量技术和模型、模拟方法,包括光纤探头、超声多普勒测速技术、激光多普勒测速和粒子图像测速技术以及过程层析成像技术等前沿测量方法;模型方法中包括以传统的双流体模型为基础的气液、气固体系模型和模拟,以及考虑离散相描述的CFD-DEM方法、介尺度的格子玻尔兹曼方法等。
●
相关链接 在E读中查询图书 在五车中查询图书 在当当中查询图书 在豆瓣中查询图书


正题名:多相流测量技术及模型化方法     索取号:O359/15         预约/预借

序号 登录号 条形码 馆藏地/架位号 状态 备注
1 1034351   210343519   第二样本阅览室/ [索取号:O359/15] 在馆    
2 1034352   210343528   密集书库-数信学院/ [索取号:O359/15] 在馆    
3 1034353   210343537   第三借阅区/ [索取号:O359/15] 在馆    
4 1034354   210343546   第三借阅区/ [索取号:O359/15] 在馆    
5 1034355   210343555   第三借阅区/ [索取号:O359/15] 在馆    
唐山师范学院图书馆 欢迎您!
大连网信软件有限公司© 版权所有